Narastajúci význam shopper marketingu

Objasnenie pojmu shopper marketing a súčasné populárne trendy shopper marketingu. Tri príklady shopper marketingu obchodných sietí na Slovensku. Zdôraznenie významu a dôležitosti shopper marketingu pre obchodné spoločnosti.

Gespeichert in:
Bibliographische Detailangaben
1. Verfasser: Stanková, Monika, 1993-
Format: Buchkapitel
Sprache:Slowakisch
Schlagworte:
Tags: Tag hinzufügen
Keine Tags, Fügen Sie das erste Tag hinzu!

MARC

LEADER 00000nla a2200000 4500
001 0241290
005 20240502073928.5
041 0 |a slo 
044 |a SK 
245 1 0 |a Narastajúci význam shopper marketingu  |c Monika Stanková 
520 |a Objasnenie pojmu shopper marketing a súčasné populárne trendy shopper marketingu. Tri príklady shopper marketingu obchodných sietí na Slovensku. Zdôraznenie významu a dôležitosti shopper marketingu pre obchodné spoločnosti. 
610 2 0 |a marketing 
610 2 0 |a nástroje marketingové 
610 2 0 |a zákazníci 
610 2 0 |a správanie spotrebiteľa 
610 2 0 |a nákup 
610 2 0 |a rozhodovanie nákupné 
610 2 0 |a procesy rozhodovacie 
610 2 0 |a zľavy obchodné 
610 2 0 |a karty zákaznícke 
610 2 0 |a technológie obchodné 
100 1 |a Stanková, Monika, 1993-